| 000 | 00496nam a2200181Ia 4500 | ||
|---|---|---|---|
| 005 | 20250508153625.0 | ||
| 008 | 008 250505s9999 xx 000 0 eng d | ||
| 037 | _aTextual | ||
| 040 |
_aFEDL _beng _cFEDL |
||
| 041 |
_aeng _2eng |
||
| 084 |
_a371.2, REE _qFEDL |
||
| 100 |
_aReeder Ward G _9139649 |
||
| 245 | 0 | _aFundamentals of public school administration | |
| 300 | _axi,625p | ||
| 650 | _aSchool Administration | ||
| 942 |
_cTEXL _h371.2, REE |
||
| 999 |
_c1344490 _d1344490 |
||